| 000 | 00453nam a2200145Ia 4500 | ||
|---|---|---|---|
| 008 | 150121s9999 xx 000 0 und d | ||
| 020 | _a0115-6276 | ||
| 245 |
_aAnuaryo/Annales : _bJournal of History / _h[electronic resource] |
||
| 260 |
_bDe La Salle University, _c1998. |
||
| 516 | _aElectronic text | ||
| 650 | _aPhilippine History. | ||
| 830 | _aPhilippine E-Journals | ||
| 856 | _uhttp://www.ejournals.ph/index.php?journal=ANUARYO | ||
| 942 | _cEJ | ||
| 999 |
_c276985 _d276985 |
||